00000000nam 2200000zi 4500
0019.951089
003CaOODSP
00520250916114326
006m     o  d f      
007cr cn|||||||||
008250514t20252025qucabd  ob   f000 0 fre d
020 |a9780660772929
040 |aCaOODSP|bfre|erda|cCaOODSP
043 |an-cn---
0861 |aEn4-9/2025F-PDF
1001 |aVachon, Dominic, |eauteur.
24513|aLa qualité de l'eau du secteur fluvial : |bparamètres physicochimiques et bactériologiques / |crédaction, Dominic Vachon.
250 |a5e édition.
264 1|a[Gatineau, Québec] : |bEnvironnement et changement climatique Canada ; |aWinnipeg : |bAgence de l'eau du Canada, |c[2025]
264 4|c©2025
300 |a1 ressource en ligne (11 pages) : |billustrations, carte, graphiques
336 |atexte|btxt|2rdacontent/fre
337 |ainformatique|bc|2rdamedia/fre
338 |aressource en ligne|bcr|2rdacarrier/fre
500 |aTitre de la couverture.
500 |aPublié aussi en anglais sous le titre : Water quality in the fluvial section : physicochemical and bacteriological parameters.
504 |aComprend des références bibliographiques (pages 9-10).
650 6|aEau|xQualité|zSaint-Laurent (Fleuve)
650 6|aEau|xPollution|zSaint-Laurent (Fleuve)
7101 |aCanada. |bEnvironnement et changement climatique Canada, |eorganisme de publication.
7102 |aAgence de l'eau du Canada, |eorganisme de publication.
77508|tWater quality in the fluvial section : |w(CaOODSP)9.951087
795 |tLa qualité de l'eau du secteur fluvial |w(CaOODSP)9.810660
85640|qPDF|s1.00 Ko|uhttps://publications.gc.ca/collections/collection_2025/eccc/en4/En4-9-2025-fra.pdf
8564 |qHTML|sS.O.|uhttps://www.canada.ca/fr/agence-eau-canada/initiatives-ecosystemes-eau-douce/fleuve-saint-laurent/publications/qualite-eau-secteur-fluvial-parametres-physiochimiques-bacteriologiques.html